Title in the Lyrics -- Songs That Start With I #2 - Statistics

General Stats
  • This quiz has been taken 337 times
  • The average score is 4 of 15
Answer Stats
Hint Answer % Correct
Then I saw her face, now __ _ ________ / Not a trace, of doubt in my mind I'm a Believer
86%
___ __ _____, and I'll cry if I want to / Cry if I want to, cry if I want to It's My Party
69%
_ ____ _ ____ __ _____ / To show Avicii I was cool / And when I finally got sober, felt ten years older I Took a Pill in Ibiza
53%
Well I don't know if all that's true / Cause you got me, and baby I got you / Babe / _ ___ ___ ____, _ ___ ___ ____ I Got You Babe
44%
Oh, I need the dollars, cha-ching (I said _ ____ __ like that) / Beat it up like piñatas (I said _ ____ __ like—; uh) I Like It
37%
Is it too late to tell you that / Everything means nothing __ _ ____ ____ ___? If I Can't Have You
27%
It was an ____ _____ _____ _____ ______ _____ ___ ______ / That she wore for the first time today Itsy Bitsy Teeny Weeny Yellow Polka Dot Bikini
25%
So how could I dance with another / Ooh, when _ ___ ___ ________ _____? I Saw Her Standing There
18%
On an ______ __ ___ ___ / We'll be playing and having fun / And it makes me feel so fine / I can't control my brain Island in the Sun
14%
Nowadays you can't be too sentimental / Your best bet's a true baby-blue Continental / Hot funk, cool punk, even if it's old junk / ___ _____ ____ ___ ____ __ __ It's Still Rock and Roll to Me
13%
_ ___ ___ ___ _____ and miles and miles and miles and miles I Can See for Miles
11%
Trap, TrapMoneyBenny / This **** got me __ __ ________ / Gotta be real with it, yeah In My Feelings
9%
I said I know ___ ____ ____ _ ____ but I like it / I know ___ ____ ____ _ ____ but I like it, like it, yes, I do It's Only Rock 'n' Roll
9%
Can't break free from the the things that you do / I want to walk but I run back to you, that's why / _ ____ ______ ___ ______ ___ I Hate Myself for Loving You
7%
This feeling that I got for you, baby / It makes me wanna sing / _ ____ ___ ___, I think I love you / _ ____ ___ ___, I think I love you I Feel For You
1%
No matching quizzes found
Score Distribution
Percent of People with Each Score
Percentile by Number Answered
Your Score History
You have not taken this quiz